[Стенька Разин (Запись № 13737001)

Подробности
000 -МАРКЕР
контрольное поле 02909nkm a2200421 4500
001 - ИДЕНТИФИКАТОР ЗАПИСИ
контрольное поле RU\NLR\BIBL_A\022824418
005 - ИДЕНТИФИКАТОР ВЕРСИИ
контрольное поле 20260623074714.0
035 ## - ДРУГИЕ СИСТЕМНЫЕ НОМЕРА
Идентификатор записи (NLR Aleph) 022824418
071 50 - ИЗДАТЕЛЬСКИЙ НОМЕР
Номер, присвоенный агентством 30795/м
-- 50000
100 ## - ДАННЫЕ ОБЩЕЙ ОБРАБОТКИ
Данные общей обработки 20260601f19271929u y0rusy50 ca
101 0# - ЯЗЫК РЕСУРСА
Язык текста, звукозаписи и т.д. русский
102 ## - СТРАНА ПУБЛИКАЦИИ ИЛИ ПРОИЗВОДСТВА
Страна публикации Российская Федерация
116 ## - ПОЛЕ КОДИРОВАННЫХ ДАННЫХ: ИЗОБРАЗИТЕЛЬНЫЕ МАТЕРИАЛЫ
Кодированные данные для изобразительных материалов. iiycxx bf zz
181 #0 - ПОЛЕ КОДИРОВАННЫХ ДАННЫХ: ВИД СОДЕРЖАНИЯ
Код вида содержания (ISBD) b4
Код характеристики содержания (ISBD) xb2e
182 #0 - ПОЛЕ КОДИРОВАННЫХ ДАННЫХ: ТИП СРЕДСТВА
Код типа средства (ISBD) n - непосредственное
200 1# - ЗАГЛАВИЕ И СВЕДЕНИЯ ОБ ОТВЕТСТВЕННОСТИ
Основное заглавие [Стенька Разин
Сведения, относящиеся к заглавию календарная стенка]
203 ## - ВИД СОДЕРЖАНИЯ И ТИП СРЕДСТВА
Вид содержания Изображение
Дополнительные сведения об издании неподвижное
-- двухмерное
-- визуальное
Тип средства непосредственное
210 ## - ПУБЛИКАЦИЯ, РАСПРОСТРАНЕНИЕ И ДР.
Место издания, распространения и т.д. [Москва]
Имя издателя, распространителя и т. д. Государственное издательство
Дата издания, распространения и т.д. [между 1927 и 1929]
Место изготовления Ленинград
Имя изготовителя Тип. "Печатный двор"
215 ## - ФИЗИЧЕСКАЯ ХАРАКТЕРИСТИКА
Специфическое обозначение материала и объем 1 л.
Другие сведения о физической характеристике хромолитогр.
Размеры 31,8х21,6
300 ## - ОБЩИЕ ПРИМЕЧАНИЯ
Текст примечания Справа внизу факс. подписи художника и дата: Б. Кустодиев 1926
300 ## - ОБЩИЕ ПРИМЕЧАНИЯ
Текст примечания Ценз. разрешение: Ленинградский Областлит № 28381
300 ## - ОБЩИЕ ПРИМЕЧАНИЯ
Текст примечания В вып. дан.: Р, 60
301 ## - ПРИМЕЧАНИЯ, ОТНОСЯЩИЕСЯ К ИДЕНТИФИКАЦИОННЫМ НОМЕРАМ
Текст примечания Изд. номер: Гиз № 30795/м
327 0# - ПРИМЕЧАНИЯ О СОДЕРЖАНИИ
Текст примечания Степан Разин и его сподвижники в лодке, на заднем плане другие лодки
600 #1 - ИМЯ ЛИЦА КАК ПРЕДМЕТ
Начальный элемент ввода Разин
Часть имени, кроме начального элемента ввода С.Т.
Даты ок. 1630 - 1671
Расширение инициалов личного имени Степан Тимофеевич
Формальный подзаголовок Календарные стенки
Системный номер авторитетной/нормативной записи 2601081
Идентификатор авторитетной/нормативной записи RU\NLR\AUTH\661537639
606 1# - НАИМЕНОВАНИЕ ТЕМЫ КАК ПРЕДМЕТ
Наименование темы Календарные стенки
Системный номер авторитетной/нормативной записи 2185775
Идентификатор авторитетной/нормативной записи RU\NLR\AUTH\6601550393
686 1# - ИНДЕКСЫ ДРУГИХ КЛАССИФИКАЦИЙ
Индекс Щ150.489
700 #1 - ИМЯ ЛИЦА - ПЕРВИЧНАЯ ОТВЕТСТВЕННОСТЬ
Код отношения Карикатурист, Художник
Графика поля Кириллица
Материалы, к которым относится поле rus
Начальный элемент ввода Кустодиев
Часть имени, кроме начального элемента ввода Б. М.
Дополнения к именам, кроме дат художник
Даты 1878-1927
Расширение инициалов личного имени Борис Михайлович
Системный номер авторитетной/нормативной записи 22965
Идентификатор авторитетной/нормативной записи RU\NLR\AUTH\7740011
712 02 - НАИМЕНОВАНИЕ ОРГАНИЗАЦИИ - ВТОРИЧНАЯ ОТВЕТСТВЕННОСТЬ
Код отношения Издатель
Начальный элемент ввода Государственное издательство РСФСР
Системный номер авторитетной/нормативной записи 601118
Идентификатор авторитетной/нормативной записи RU\NLR\AUTH\8810050489
712 02 - НАИМЕНОВАНИЕ ОРГАНИЗАЦИИ - ВТОРИЧНАЯ ОТВЕТСТВЕННОСТЬ
Код отношения Печатник (типограф)
Начальный элемент ввода "Печатный двор", типография
Идентифицирующий признак Ленинград
Системный номер авторитетной/нормативной записи 2698286
Идентификатор авторитетной/нормативной записи RU\NLR\AUTH\880639151
830 ## - ОБЩЕЕ ПРИМЕЧАНИЕ, СОСТАВЛЕННОЕ КАТАЛОГИЗАТОРОМ
Текст примечания Границы датировки: 1927 - образование Ленинградской области; 1929 - поступление в РНБ. Штамп и реестр: "Гос. Публичн. Б-ка 1929. Об. экз. Лнгр.", 9590. АЯ ОЭФ
830 ## - ОБЩЕЕ ПРИМЕЧАНИЕ, СОСТАВЛЕННОЕ КАТАЛОГИЗАТОРОМ
Текст примечания 1926: "Стенька Разин. Эскиз стенки для календаря на 1927 год. Ноябрь. Для Гос. издательства в Москве. Тогда же издано. Б., акв., кар. 36х24": Борис Кустодиев : [альбом репродукций] / авт. вступ. статьи, каталога и сост. М. Г. Эткинд. М.: Сов. художник, 1982. С. 386 (2756). АЯ ОЭФ
852 00 - МЕСТОНАХОЖДЕНИЕ И ШИФР ХРАНЕНИЯ
Идентификатор организации NLR
Наименование фонда или коллекции (Sub-Location Identifier) Э
Шифр хранения (Call Number) Пр.гр./К171-Ис536
Идентификатор единицы Эпг-4
942 ## - ДОПОЛНИТЕЛЬНЫЕ ЭЛЕМЕНТЫ ЗАПИСИ (АБИС)
Тип экземпляра АБИС Визуальный материал
980 ## - КОЛЛЕКЦИЯ
Название коллекции Национальная библиография

Нет доступных экземпляров.